|
|
|
|
| LEADER |
01187nam a22002777a 4500 |
| 001 |
43579 |
| 003 |
BD-DhAAL |
| 008 |
241020t1998 ii ||||| b||| 00| 0 eng d |
| 020 |
|
|
|a 8185749256
|
| 020 |
|
|
|a 9788185749259
|
| 040 |
|
|
|a BD-DhAAL
|c BD-DhAAL
|
| 082 |
|
|
|a 620.0014
|2 23
|
| 100 |
|
|
|a Prasad, Prajapati.
|9 56983
|
| 245 |
|
|
|a Communication skills for :
|b degree, diploma students, business executives, engineers, charter accountants, TOFFEL, IELTS, and other competitive examinations /
|c Prajapati Prasad.
|
| 246 |
|
|
|a Communication skills for engineers & professionals
|
| 250 |
|
|
|a First edition.
|
| 260 |
|
|
|a Delhi :
|b S. K. Kataria,
|c 1998.
|
| 300 |
|
|
|a 407 pages :
|b illustrations ;
|c 22 cm.
|
| 541 |
|
|
|a Savar Campus Library
|e 43579
|
| 650 |
|
|
|a Communication in engineering.
|9 56984
|
| 650 |
|
|
|a Business communication.
|
| 650 |
|
|
|a Communication in medicine
|v Handbooks, manuals, etc.
|9 56985
|
| 852 |
|
|
|a Ayesha Abed Library
|
| 942 |
|
|
|2 ddc
|c BK
|
| 999 |
|
|
|c 47026
|d 47026
|
| 952 |
|
|
|0 0
|1 0
|2 ddc
|4 0
|6 620_001400000000000_PRA
|7 0
|9 76699
|a SCL
|b SCL
|c GEN
|d 2024-10-20
|e Savar Campus Library
|g 157.00
|l 0
|o 620.0014 PRA
|p 3020043579
|r 2024-10-20
|w 2024-10-20
|y BK
|x Savar Campus Library ; Rs. 110.00
|